| 000 | 00349nmm a2200145 a 4500 | ||
|---|---|---|---|
| 003 | AR-BaBNM | ||
| 005 | 20251128203117.0 | ||
| 008 | 013119s1872 ||||||||||||||000 | spa|| | ||
| 040 | _cAR-BaBNM | ||
| 100 | 1 | _aMarion, Fulgence | |
| 245 | 1 | 0 | _aLas maravillas de la vegetación |
| 260 |
_a[S.l.] _bHachette _c1872 |
||
| 942 | _cBK | ||
| 998 | _cArchipretre | ||
| 999 |
_c1940 _d1940 |
||